The secret melody (Record no. 590206)

000 -LEADER
fixed length control field 00255nam a22001097a 4500
040 ## - CATALOGING SOURCE
Transcribing agency SCME
100 ## - MAIN ENTRY--PERSONAL NAME
Personal name Trinh Xuan Thuan
9 (RLIN) 92096
245 ## - TITLE STATEMENT
Title The secret melody
260 ## - PUBLICATION, DISTRIBUTION, ETC.
Place of publication, distribution, etc. New York
Name of publisher, distributor, etc. Oxford University Press
Date of publication, distribution, etc. 1995
300 ## - PHYSICAL DESCRIPTION
Extent 313p.
942 ## - ADDED ENTRY ELEMENTS (KOHA)
Source of classification or shelving scheme
Koha item type Book
Holdings
Withdrawn status Lost status Source of classification or shelving scheme Damaged status Not for loan Permanent Location Current Location Shelving location Date acquired Total Checkouts Total Renewals Full call number Barcode Date last seen Date last checked out Price effective from Koha item type
          School of Chemical & Materials Engineering (SCME) School of Chemical & Materials Engineering (SCME) Book Cart 06/27/2022 2 2 523.1 t532t scme-4825 09/26/2023 09/04/2023 06/27/2022 Book
© 2023 Central Library, National University of Sciences and Technology. All Rights Reserved.